[Event "Montevideo Miercoles Trebejos 2nd"]
[Site "Montevideo"]
[Date "2022.08.10"]
[Round "4"]
[White "Dominguez, Facundo"]
[Black "Vinella, Marcelo"]
[Result "1-0"]
[WhiteElo "2171"]
[BlackElo "1605"]
[PlyCount "65"]
[EventDate "2022.07.20"]
[EventType "swiss"]
[EventRounds "6"]
[EventCountry "URU"]
[SourceTitle "EXT 2024"]
[Source "ChessBase"]
[SourceDate "2023.10.10"]
[SourceVersion "1"]
[SourceVersionDate "2023.10.10"]
[SourceQuality "1"]

1. e4 d5 2. exd5 Qxd5 3. Nc3 Qd6 4. d4 Nf6 5. Nf3 c6 6. Ne5 Bf5 7. g4 Bg6 8. h4 h6 9. Nxg6 fxg6 10. Be3 Nbd7 11. Qf3 Nd5 12. Nxd5 Qxd5 13. Qxd5 cxd5 14. Bd3 Kf7 15. Rh3 Nf6 16. Rf3 g5 17. hxg5 hxg5 18. 0-0-0 g6 19. Bxg5 Bg7 20. Be3 Ke6 21. Bxg6 Kd7 22. g5 Ne8 23. Rf7 Bf8 24. Bf5+ Kc6 25. Rh7 Rxh7 26. Bxh7 Ng7 27. Rh1 e6 28. Rh6 Kd7 29. Rf6 Ke7 30. Bg6 Nf5 31. Bxf5 exf5 32. Rxf5 Bg7 33. Rxd5 1-0

[Event "Montevideo Trebejos op 03"]
[Site "Montevideo"]
[Date "2022.03.21"]
[Round "5"]
[White "Vassallo, Mariano"]
[Black "Vinella, Marcelo"]
[Result "1-0"]
[WhiteElo "1575"]
[BlackElo "1643"]
[PlyCount "59"]
[EventDate "2022.03.07"]
[EventType "swiss"]
[EventRounds "6"]
[EventCountry "URU"]
[SourceTitle "EXT 2023"]
[Source "ChessBase"]
[SourceDate "2022.10.05"]
[SourceVersion "1"]
[SourceVersionDate "2022.10.05"]
[SourceQuality "1"]

1. e4 c5 2. Nf3 a6 3. d4 cxd4 4. Nxd4 Nf6 5. Bd3 e5 6. Nb3 d5 7. exd5 Nxd5 8. Qe2 Bd6 9. 0-0 0-0 10. Bxh7+ Kxh7 11. Qe4+ g6 12. Qxd5 Qc7 13. Qe4 Be7 14. Nc3 Bf5 15. Qe2 Be6 16. Re1 Nc6 17. Ne4 Kg7 18. Be3 Rh8 19. Ng5 Bf5 20. Qc4 Bxg5 21. Bxg5 e4 22. Qc3+ Kg8 23. h3 Qd7 24. Rad1 Qc8 25. Bf6 Rh7 26. Nd4 Nxd4 27. Qxc8+ Rxc8 28. Rxd4 Re8 29. Red1 Rh6 30. Rd8 1-0

[Event "Montevideo Trebejos op 03"]
[Site "Montevideo"]
[Date "2022.03.14"]
[Round "3"]
[White "Mott, Juan"]
[Black "Vinella, Marcelo"]
[Result "0-1"]
[WhiteElo "1181"]
[BlackElo "1643"]
[PlyCount "130"]
[EventDate "2022.03.07"]
[EventType "swiss"]
[EventRounds "6"]
[EventCountry "URU"]
[SourceTitle "EXT 2023"]
[Source "ChessBase"]
[SourceDate "2022.10.05"]
[SourceVersion "1"]
[SourceVersionDate "2022.10.05"]
[SourceQuality "1"]

1. e4 d5 2. exd5 Qxd5 3. Nc3 Qd6 4. d4 c6 5. Nf3 Nf6 6. Bc4 Bg4 7. Bg5 e6 8. Bxf6 gxf6 9. Na4 Qe7 10. Qd3 Nd7 11. 0-0-0 0-0-0 12. Qc3 Kb8 13. a3 Bf5 14. Rhe1 Nb6 15. Bb3 h5 16. Nd2 Nd5 17. Bxd5 cxd5 18. Nc5 Rc8 19. Re3 Bh6 20. Re2 b6 21. Qb3 Ka8 22. Nd3 Rc7 23. Kb1 Rhc8 24. Rc1 Qd6 25. g3 Bg4 26. f3 Bf5 27. f4 Bg7 28. Nf1 Bg4 29. Rd2 Bf3 30. Ne3 Be4 31. Nf2 Bg6 32. Ned1 Rc4 33. Nc3 Qc6 34. Nd3 Rxd4 35. Nb4 Qc4 36. Rxd4 Qxd4 37. Nb5 Qc5 38. Qa4 a5 39. Na6 Qc4 40. Qxc4 Rxc4 41. Nac7+ Kb8 42. Ne8 Bh8 43. Ned6 Rc6 44. a4 Be4 45. Nxe4 dxe4 46. Nd4 Rc4 47. Rd1 f5 48. c3 Bxd4 49. cxd4 Kc7 50. Rc1 Rxc1+ 51. Kxc1 Kd6 52. Kd2 Kd5 53. Ke3 Kc4 54. h3 f6 55. g4 fxg4 56. hxg4 hxg4 57. Kxe4 g3 58. b3+ Kc3 59. Kf3 Kxd4 60. Kxg3 Ke4 61. Kg4 f5+ 62. Kg5 Ke3 63. Kf6 Kxf4 64. Kxe6 Ke4 65. Kf6 f4 0-1

[Event "Montevideo Wednesday at the Mystery 1st"]
[Site "Montevideo"]
[Date "2021.09.29"]
[Round "1"]
[White "Pereira, Gerardo"]
[Black "Vinella, Marcelo"]
[Result "0-1"]
[WhiteElo "1313"]
[BlackElo "1699"]
[PlyCount "29"]
[EventDate "2021.09.29"]
[EventType "swiss"]
[EventRounds "5"]
[EventCountry "URU"]
[SourceTitle "EXT 2023"]
[Source "ChessBase"]
[SourceDate "2022.10.05"]
[SourceVersion "1"]
[SourceVersionDate "2022.10.05"]
[SourceQuality "1"]

1. d4 Nf6 2. Nf3 g6 3. Bf4 d6 4. e3 Bg7 5. c4 0-0 6. Nc3 c6 7. Be2 Nbd7 8. Qc2 Qa5 9. 0-0 Nh5 10. Rfe1 Nxf4 11. exf4 e5 12. fxe5 dxe5 13. dxe5 Nxe5 14. Nxe5 Bxe5 15. Nd1 0-1

[Event "Montevideo Trebejos op 03"]
[Site "Montevideo"]
[Date "2021.03.10"]
[Round "2"]
[White "Meneses, Eduardo"]
[Black "Vinella, Marcelo"]
[Result "0-1"]
[WhiteElo "1502"]
[BlackElo "1736"]
[PlyCount "55"]
[EventDate "2021.03.08"]
[EventType "swiss"]
[EventRounds "6"]
[EventCountry "URU"]
[SourceTitle "EXT 2022"]
[Source "ChessBase"]
[SourceDate "2021.10.06"]
[SourceVersion "1"]
[SourceVersionDate "2021.10.06"]
[SourceQuality "1"]

1. e4 c5 2. Nf3 a6 3. d4 cxd4 4. Nxd4 Nf6 5. Nc3 e5 6. Nf5 d5 7. Ng3 d4 8. Nb1 Bd6 9. Bg5 h6 10. Bd2 Qb6 11. b3 Be6 12. Bd3 Nc6 13. a3 Rc8 14. b4 0-0 15. c4 dxc3 16. Nxc3 Nd4 17. 0-0 Bb3 18. Qc1 Kh7 19. Be3 Ng4 20. Qd2 Nxe3 21. fxe3 Be6 22. Kh1 Nb3 23. Qb2 Nxa1 24. Qxa1 Qxe3 25. Rd1 g6 26. Nce2 Rfd8 27. Ng1 Bb8 28. Qb1 0-1

[Event "Montevideo Glausura op"]
[Site "Montevideo"]
[Date "2019.11.11"]
[Round "3"]
[White "Vinella, Marcelo"]
[Black "Souto, Andres"]
[Result "1-0"]
[WhiteElo "1714"]
[BlackElo "1250"]
[PlyCount "93"]
[EventDate "2019.11.04"]
[EventType "swiss"]
[EventRounds "6"]
[EventCountry "URU"]
[SourceTitle "CBM 193 Extra"]
[Source "ChessBase"]
[SourceDate "2020.01.31"]
[SourceVersion "1"]
[SourceVersionDate "2020.01.31"]
[SourceQuality "1"]

1. Nc3 e5 2. Nf3 d6 3. d4 exd4 4. Nxd4 Nf6 5. g3 c6 6. Bg2 d5 7. 0-0 Be7 8. b3 0-0 9. Bb2 Be6 10. e4 Nbd7 11. f4 dxe4 12. Nxe6 fxe6 13. Nxe4 Nxe4 14. Bxe4 Bf6 15. Bxf6 Nxf6 16. Bd3 Qd4+ 17. Kg2 Rad8 18. Qe2 Qd5+ 19. Qf3 Qxf3+ 20. Kxf3 Nd5 21. Rfe1 Rde8 22. Re5 Re7 23. a3 Rfe8 24. Rae1 g6 25. Bf1 Kg7 26. Bh3 Kf6 27. c4 Nb6 28. Ra5 Nc8 29. Rae5 Nd6 30. c5 Nb5 31. R1e4 Nxa3 32. Bf1 a6 33. h4 Nb1 34. Rd4 Nc3 35. g4 Nd5 36. h5 Rf8 37. Bd3 g5 38. Rxg5 e5 39. Rf5+ Kg7 40. h6+ Kg8 41. Rxf8+ Kxf8 42. fxe5 Rxe5 43. Bxh7 Re3+ 44. Kf2 Rh3 45. g5 Rh5 46. Rg4 Nc7 47. g6 1-0

[Event "Montevideo Glausura op"]
[Site "Montevideo"]
[Date "2019.11.04"]
[Round "1"]
[White "Saralegui Cassan, Mario"]
[Black "Vinella, Marcelo"]
[Result "1-0"]
[WhiteElo "1986"]
[BlackElo "1714"]
[PlyCount "65"]
[EventDate "2019.11.04"]
[EventType "swiss"]
[EventRounds "6"]
[EventCountry "URU"]
[SourceTitle "CBM 193 Extra"]
[Source "ChessBase"]
[SourceDate "2020.01.31"]
[SourceVersion "1"]
[SourceVersionDate "2020.01.31"]
[SourceQuality "1"]

1. d4 e6 2. c4 b6 3. Nf3 Bb7 4. g3 f5 5. Bg2 Bb4+ 6. Bd2 Bxd2+ 7. Nbxd2 Nf6 8. 0-0 0-0 9. Rc1 d6 10. Qb3 Nbd7 11. Ng5 Bxg2 12. Kxg2 Qe8 13. c5 d5 14. c6 Nb8 15. Qc2 h6 16. Ngf3 Qh5 17. Qd3 g5 18. Ne5 a5 19. f3 Kg7 20. Nb1 Qe8 21. a3 Qe7 22. Nc3 Qd6 23. Nb5 Qe7 24. Rh1 Ne8 25. h4 Nd6 26. hxg5 Qxg5 27. Nxc7 Kf6 28. Nxa8 Rg8 29. Rh3 Qxc1 30. c7 Nc6 31. Nxb6 Nxe5 32. dxe5+ Kxe5 33. Nd7# 1-0

[Event "Montevideo Trebejos Primavera op"]
[Site "Montevideo"]
[Date "2019.09.16"]
[Round "3"]
[White "Vinella, Marcelo"]
[Black "Saralegui Cassan, Mario"]
[Result "0-1"]
[WhiteElo "1709"]
[BlackElo "2059"]
[PlyCount "47"]
[EventDate "2019.09.09"]
[EventType "swiss"]
[EventRounds "6"]
[EventCountry "URU"]
[SourceTitle "CBM 195 Extra"]
[Source "ChessBase"]
[SourceDate "2020.05.31"]
[SourceVersion "1"]
[SourceVersionDate "2020.05.31"]
[SourceQuality "1"]

1. e4 e5 2. Bc4 Nf6 3. d3 Nc6 4. Nc3 Be7 5. f4 d6 6. Nf3 0-0 7. a3 a6 8. 0-0 exf4 9. Bxf4 Be6 10. Bxe6 fxe6 11. e5 dxe5 12. Nxe5 Qd4+ 13. Rf2 Nxe5 14. Ne2 Qb6 15. Bxe5 Ng4 16. Bd4 Nxf2 17. Qe1 Bc5 18. Bxc5 Qxc5 19. d4 Qxc2 20. Rc1 Qe4 21. Rc3 Rad8 22. Qd2 Ng4 23. h3 Rf2 24. Qg5 0-1

[Event "Montevideo Trebejos Primavera op"]
[Site "Montevideo"]
[Date "2019.09.13"]
[Round "2"]
[White "Rodriguez Lazo, Luis A"]
[Black "Vinella, Marcelo"]
[Result "1/2-1/2"]
[WhiteElo "1861"]
[BlackElo "1709"]
[PlyCount "112"]
[EventDate "2019.09.09"]
[EventType "swiss"]
[EventRounds "6"]
[EventCountry "URU"]
[SourceTitle "CBM 195 Extra"]
[Source "ChessBase"]
[SourceDate "2020.05.31"]
[SourceVersion "1"]
[SourceVersionDate "2020.05.31"]
[SourceQuality "1"]

1. d4 Nf6 2. Bf4 d5 3. Nf3 Bf5 4. e3 e6 5. Nbd2 Bd6 6. Bg3 0-0 7. c4 h6 8. Qb3 b6 9. cxd5 exd5 10. Ne5 Nbd7 11. Nc6 Qe8 12. Rc1 Bxg3 13. hxg3 Nc5 14. dxc5 Qxc6 15. Bb5 Qe6 16. 0-0 c6 17. Bd3 b5 18. Bxf5 Qxf5 19. Nf3 Ng4 20. Qc2 Qe6 21. Nd4 Qf6 22. Qf5 Qxf5 23. Nxf5 Rfe8 24. Rfd1 Nf6 25. Nd6 Re6 26. Rd4 Ne8 27. Nf5 Kh7 28. Rf4 Kg8 29. a4 a6 30. Ra1 Nc7 31. Rg4 g5 32. f4 Rf6 33. Nd4 Rg6 34. axb5 axb5 35. Rxa8+ Nxa8 36. fxg5 hxg5 37. Nf3 f6 38. e4 Nc7 39. Nd4 dxe4 40. Rxe4 Kf7 41. Nxc6 Ne6 42. b4 Rg8 43. Kf2 Ra8 44. Na5 Rd8 45. Ke2 f5 46. Re5 Kf6 47. Nc6 Nd4+ 48. Nxd4 Rxd4 49. Re8 Rxb4 50. c6 Rc4 51. Rb8 Rxc6 52. Rxb5 Rc2+ 53. Kf1 Rc1+ 54. Kf2 Rc2+ 55. Kg1 Rc1+ 56. Kh2 Re1 1/2-1/2

[Event "Montevideo Trebejos Nostalgico op"]
[Site "Montevideo"]
[Date "2019.08.19"]
[Round "5"]
[White "Vinella, Marcelo"]
[Black "Saralegui Cassan, Mario"]
[Result "0-1"]
[WhiteElo "1691"]
[BlackElo "2062"]
[PlyCount "98"]
[EventDate "2019.08.05"]
[EventType "swiss"]
[EventRounds "6"]
[EventCountry "URU"]
[SourceTitle "EXT 2020"]
[Source "ChessBase"]
[SourceDate "2019.10.17"]
[SourceVersion "1"]
[SourceVersionDate "2019.10.17"]
[SourceQuality "1"]

1. d4 d5 2. c4 e6 3. Nc3 c5 4. cxd5 exd5 5. Nf3 Nc6 6. g3 Nf6 7. Bg2 Be7 8. 0-0 0-0 9. Bg5 c4 10. Ne5 Be6 11. Nxc6 bxc6 12. Re1 h6 13. Bxf6 Bxf6 14. e4 dxe4 15. Bxe4 Bxd4 16. Qa4 Qb6 17. Re2 Rac8 18. Rd2 Rfd8 19. Rad1 c5 20. Qc2 Rb8 21. Ne2 Bg4 22. Kg2 Qf6 23. f3 Be6 24. Qa4 Qe7 25. Qa3 Rd7 26. Nxd4 cxd4 27. Qxe7 Rxe7 28. Rxd4 Rxb2+ 29. Kg1 g6 30. R4d2 Rxd2 31. Rxd2 Rc7 32. Rc2 Rc5 33. Kf2 Ra5 34. Bc6 Ra3 35. Bb5 c3 36. Ke3 Bxa2 37. Kd4 Be6 38. Rxc3 Ra2 39. h4 Kg7 40. Kc5 h5 41. Kb4 a5+ 42. Kc5 Kf6 43. Bc4 Rg2 44. f4 Bxc4 45. Kxc4 Kf5 46. Ra3 Kg4 47. Rxa5 Rxg3 48. Ra7 f5 49. Rg7 Kxf4 0-1

[Event "Montevideo Biblioteca Nacional op"]
[Site "Montevideo"]
[Date "2019.07.23"]
[Round "4"]
[White "Vinella, Marcelo"]
[Black "Rodriguez Farias, Eduardo"]
[Result "0-1"]
[WhiteElo "1687"]
[BlackElo "1939"]
[PlyCount "128"]
[EventDate "2019.07.02"]
[EventType "swiss"]
[EventRounds "6"]
[EventCountry "URU"]
[SourceTitle "EXT 2020"]
[Source "ChessBase"]
[SourceDate "2019.10.17"]
[SourceVersion "1"]
[SourceVersionDate "2019.10.17"]
[SourceQuality "1"]

1. d4 Nf6 2. Nf3 g6 3. Bf4 Bg7 4. e3 0-0 5. Be2 c5 6. c3 d6 7. h3 Nbd7 8. Bh2 b6 9. 0-0 Bb7 10. Nbd2 a6 11. a4 Ra7 12. Re1 Qa8 13. Bd3 d5 14. Ne5 Nxe5 15. Bxe5 Ne4 16. Bc7 cxd4 17. exd4 Bc6 18. Bxb6 Rb7 19. a5 Rbb8 20. Qe2 f5 21. f3 Nf6 22. Qxe7 Rfe8 23. Qc7 Rec8 24. Qd6 Re8 25. Re7 Rxe7 26. Qxe7 Re8 27. Qd6 Re3 28. Bf1 Qe8 29. Qd8 Bb7 30. Qxe8+ Nxe8 31. Kf2 f4 32. Nb3 Bf6 33. g3 Bg5 34. Nc5 fxg3+ 35. Kxg3 Bc8 36. Nd3 Nd6 37. Ne5 Nf5+ 38. Kg2 Nh4+ 39. Kf2 Nf5 40. Ng4 Bh4+ 41. Kg2 Re6 42. Bd3 Ng7 43. Ne5 Nh5 44. Bf1 Nf4+ 45. Kg1 Bg3 46. c4 Rf6 47. Rd1 dxc4 48. Bxc4+ Kg7 49. Ng4 Rc6 50. b3 h5 51. Ne5 Rf6 52. Bf1 Nd5 53. Rc1 Bb7 54. Bg2 Bf4 55. Nd7 Bxc1 56. Nxf6 Kxf6 57. Kf2 Be3+ 58. Ke2 Kf5 59. Bh1 Kf4 60. Bc5 Nc3+ 61. Kd3 Nb5 62. Bf8 Bxd4 63. Bh6+ Kg3 64. Bd2 Kh2 0-1

[Event "Montevideo Autumn op 2nd"]
[Site "Montevideo"]
[Date "2019.05.15"]
[Round "6"]
[White "Vinella, Marcelo"]
[Black "Lopez Falcon, Jorge"]
[Result "0-1"]
[WhiteElo "1674"]
[BlackElo "2123"]
[PlyCount "134"]
[EventDate "2019.05.03"]
[EventType "swiss"]
[EventRounds "7"]
[EventCountry "URU"]
[SourceTitle "CBM 190 Extra"]
[Source "ChessBase"]
[SourceDate "2019.07.15"]
[SourceVersion "1"]
[SourceVersionDate "2019.07.15"]
[SourceQuality "1"]

1. e4 c5 2. f4 d5 3. exd5 Nf6 4. Bb5+ Bd7 5. Bxd7+ Qxd7 6. c4 e6 7. Qe2 Bd6 8. dxe6 fxe6 9. d3 Nc6 10. Nf3 0-0 11. 0-0 Rae8 12. Ne5 Bxe5 13. fxe5 Qd4+ 14. Be3 Qxe5 15. Nc3 Ng4 16. Rxf8+ Rxf8 17. Qxg4 Qxe3+ 18. Kh1 Nd4 19. Qe4 Qf2 20. Qe1 Qxb2 21. Rb1 Qc2 22. Nb5 Qxd3 23. Nxd4 cxd4 24. Qxe6+ Kh8 25. Rg1 h6 26. h3 Rf2 27. Re1 Rxa2 28. Qf7 Ra6 29. Re7 Qg3 30. Re8+ Kh7 31. Qg8+ Kg6 32. Re6+ Rxe6 33. Qxe6+ Kh7 34. Qe4+ Qg6 35. Qxd4 b6 36. Qd7 a5 37. Qb5 Qe6 38. c5 Qe1+ 39. Kh2 Qe5+ 40. Kh1 Qxc5 41. Qd3+ Kg8 42. Qd8+ Kf7 43. Qd7+ Kf6 44. Qd8+ Ke6 45. Qe8+ Kf6 46. Qd8+ Kg6 47. Qd3+ Qf5 48. Qd6+ Qf6 49. Qd3+ Kf7 50. Qd7+ Kg8 51. Qe8+ Kh7 52. Qe4+ Qg6 53. Qa4 Qb1+ 54. Kh2 Qd3 55. Kh1 Qf1+ 56. Kh2 Qf5 57. Qa3 Qc2 58. Qa1 a4 59. Qa3 b5 60. h4 Qc4 61. g3 Qb3 62. Qc5 Qb2+ 63. Kh3 Qb1 64. h5 b4 65. g4 a3 66. g5 hxg5 67. Qxg5 Qh1+ 0-1

[Event "Montevideo Nazzari Memorial"]
[Site "Montevideo"]
[Date "2019.03.20"]
[Round "5"]
[White "Vinella, Marcelo"]
[Black "Pena Canapa, Alfredo"]
[Result "1/2-1/2"]
[WhiteElo "1677"]
[BlackElo "1829"]
[PlyCount "64"]
[EventDate "2019.03.11"]
[EventType "swiss"]
[EventRounds "7"]
[EventCountry "URU"]
[SourceTitle "CBM 189 Extra"]
[Source "ChessBase"]
[SourceDate "2019.06.03"]
[SourceVersion "1"]
[SourceVersionDate "2019.06.03"]
[SourceQuality "1"]

1. Nc3 d5 2. e4 dxe4 3. Nxe4 Nf6 4. Nxf6+ exf6 5. d4 Bd6 6. Nf3 0-0 7. Be2 Re8 8. 0-0 Bg4 9. h3 Bh5 10. c3 Nd7 11. Re1 c6 12. Be3 Nf8 13. Qc2 Qc7 14. Nh4 Bxe2 15. Rxe2 Ng6 16. Nxg6 hxg6 17. Rae1 f5 18. Bc1 Kf8 19. b3 Qd7 20. Kf1 Rxe2 21. Qxe2 Re8 22. Qxe8+ Qxe8 23. Rxe8+ Kxe8 24. c4 Kd7 25. Ke2 Ke6 26. Kd3 a6 27. Bd2 Bb8 28. Ke2 Bd6 29. Kf3 Be7 30. Ke3 Bf6 31. g3 g5 32. Ke2 f4 1/2-1/2

[Event "Montevideo Duchamp Cup 3rd"]
[Site "Montevideo"]
[Date "2019.02.10"]
[Round "2"]
[White "Vassallo, Mariano"]
[Black "Vinella, Marcelo"]
[Result "1/2-1/2"]
[WhiteElo "1341"]
[BlackElo "1698"]
[PlyCount "110"]
[EventDate "2019.02.09"]
[EventType "swiss"]
[EventRounds "9"]
[EventCountry "URU"]
[SourceTitle "CBM 188 Extra"]
[Source "ChessBase"]
[SourceDate "2019.02.26"]
[SourceVersion "1"]
[SourceVersionDate "2019.02.26"]
[SourceQuality "1"]

1. e4 d6 2. d4 Nf6 3. Nc3 g6 4. Be3 c6 5. Nf3 Bg7 6. Be2 0-0 7. Qd2 b5 8. a3 Nbd7 9. h3 Bb7 10. 0-0 a5 11. b4 Qc7 12. Rfd1 axb4 13. axb4 Nb6 14. e5 Nfd5 15. Nxd5 Nxd5 16. exd6 exd6 17. c3 Nxe3 18. Qxe3 Rfe8 19. Qd2 Qe7 20. Bd3 Qd7 21. Re1 c5 22. Rxe8+ Rxe8 23. bxc5 dxc5 24. dxc5 Qc6 25. Ra5 Rd8 26. Rxb5 Qxb5 27. Bxb5 Rxd2 28. Nxd2 Bxc3 29. Nf3 Kf8 30. c6 Bc8 31. Kf1 Ke7 32. Ng5 h6 33. Ne4 Ba5 34. Ke2 Ke6 35. Kd3 Kd5 36. Ng3 Kc5 37. Ba4 Kb4 38. Bd1 Kc5 39. Bf3 Ba6+ 40. Ke3 Bb5 41. Ne4+ Kxc6 42. Nc3+ Kc5 43. Nxb5 Kxb5 44. Bd5 f6 45. Bf7 g5 46. Ke4 Kc6 47. Kf5 Bc3 48. Kg6 Kd6 49. Kxh6 Ke5 50. Kh5 Kf4 51. Bd5 Bd4 52. f3 Kg3 53. Bc6 Kxg2 54. h4 gxh4 55. Kxh4 Kf2 1/2-1/2

[Event "Montevideo Duchamp Cup 3rd"]
[Site "Montevideo"]
[Date "2019.02.09"]
[Round "1"]
[White "Vinella, Marcelo"]
[Black "Lopez Azambuja, Nicolas"]
[Result "0-1"]
[WhiteElo "1698"]
[BlackElo "2320"]
[PlyCount "58"]
[EventDate "2019.02.09"]
[EventType "swiss"]
[EventRounds "9"]
[EventCountry "URU"]
[SourceTitle "CBM 188 Extra"]
[Source "ChessBase"]
[SourceDate "2019.02.26"]
[SourceVersion "1"]
[SourceVersionDate "2019.02.26"]
[SourceQuality "1"]

1. d4 Nf6 2. Nf3 e6 3. e3 d5 4. Bd3 Bd6 5. Nbd2 c5 6. c3 0-0 7. 0-0 Nc6 8. dxc5 Bxc5 9. b4 Bd6 10. a3 e5 11. e4 Re8 12. Re1 Bc7 13. Bb2 Bg4 14. Qc2 dxe4 15. Bxe4 Nxe4 16. Qxe4 f5 17. Qc4+ Kh8 18. h3 Bh5 19. Qh4 Bf7 20. Qxd8 Raxd8 21. Nf1 e4 22. Nd4 Nxd4 23. cxd4 Bb6 24. Rad1 Bb3 25. Rd2 a5 26. Ng3 g6 27. d5+ Kg8 28. d6 Kf7 29. Ne2 Bxf2+ 0-1

[Event "Montevideo Cuartos Trebejos"]
[Site "Montevideo"]
[Date "2017.12.15"]
[Round "3.7"]
[White "Fernandez Cuneo, Carlos"]
[Black "Vinella, Marcelo"]
[Result "1/2-1/2"]
[WhiteElo "1637"]
[BlackElo "1752"]
[PlyCount "70"]
[EventDate "2017.12.11"]
[EventType "swiss"]
[EventRounds "5"]
[EventCountry "URU"]
[SourceTitle "EXT 2024"]
[Source "ChessBase"]
[SourceDate "2023.10.10"]
[SourceVersion "1"]
[SourceVersionDate "2023.10.10"]
[SourceQuality "1"]

1. e4 d5 2. exd5 Qxd5 3. Nc3 Qd6 4. d4 c6 5. g3 Nf6 6. Bg2 Bg4 7. Qd3 e6 8. Bf4 Qd8 9. Nf3 Bd6 10. Bg5 h6 11. Bxf6 Qxf6 12. Ne4 Qe7 13. 0-0 0-0 14. Rae1 Bf5 15. Qe3 Bc7 16. Nh4 Bh7 17. Nc5 Bb6 18. Nd3 Nd7 19. c3 Rad8 20. Ne5 Nxe5 21. Qxe5 Bd3 22. Qe3 Bxf1 23. Bxf1 Qf6 24. Bd3 Rfe8 25. Qe4 Kf8 26. Re3 Qg5 27. Rf3 Rd5 28. Ng6+ Kg8 29. Ne7+ Kf8 30. Nxd5 Qxd5 31. Qf4 Qd7 32. Bg6 Re7 33. Bd3 Bc7 34. Qg4 Qd5 35. Be4 Qg5 1/2-1/2

[Event "Montevideo Trebejos op 10"]
[Site "Montevideo"]
[Date "2017.10.19"]
[Round "5"]
[White "Vaz Lacuesta, Leonardo"]
[Black "Vinella, Marcelo"]
[Result "1-0"]
[WhiteElo "2160"]
[BlackElo "1763"]
[PlyCount "82"]
[EventDate "2017.10.03"]
[EventType "swiss"]
[EventRounds "6"]
[EventCountry "URU"]
[SourceTitle "CBM 181 Extra"]
[Source "ChessBase"]
[SourceDate "2017.12.12"]
[SourceVersion "1"]
[SourceVersionDate "2017.12.12"]
[SourceQuality "1"]

1. d4 Nf6 2. Bf4 d6 3. Nf3 g6 4. e3 Nh5 5. Bg5 h6 6. Bh4 g5 7. Bg3 Bg7 8. Bd3 Nd7 9. Nbd2 e5 10. c3 Nxg3 11. hxg3 Qe7 12. Qc2 Nf6 13. 0-0-0 Bd7 14. Kb1 Bc6 15. e4 Ng4 16. Rhf1 0-0 17. d5 Bd7 18. Ng1 c5 19. Nh3 b5 20. Rde1 a5 21. Rh1 c4 22. Bf1 f5 23. f3 Nf6 24. Be2 fxe4 25. fxe4 Ng4 26. Bf3 Nf6 27. Be2 Ng4 28. Nf1 Nf2 29. Nxf2 Rxf2 30. Ne3 Raf8 31. Qd1 Qd8 32. Bf3 g4 33. Bxg4 Bxg4 34. Qxg4 Qf6 35. Nf5 Rxf5 36. Qxf5 Qxf5 37. exf5 Rxf5 38. Rhf1 Rg5 39. Rf3 b4 40. Re4 bxc3 41. bxc3 Rh5 1-0

[Event "Montevideo Trebejos op 10"]
[Site "Montevideo"]
[Date "2017.10.10"]
[Round "3"]
[White "Buscio, Jorge"]
[Black "Vinella, Marcelo"]
[Result "0-1"]
[WhiteElo "1511"]
[BlackElo "1763"]
[PlyCount "104"]
[EventDate "2017.10.03"]
[EventType "swiss"]
[EventRounds "6"]
[EventCountry "URU"]
[SourceTitle "CBM 181 Extra"]
[Source "ChessBase"]
[SourceDate "2017.12.12"]
[SourceVersion "1"]
[SourceVersionDate "2017.12.12"]
[SourceQuality "1"]

1. e4 d6 2. d4 g6 3. Nf3 Bg7 4. c3 Nf6 5. Bd3 0-0 6. Bg5 h6 7. Bf4 Nbd7 8. Qd2 Kh7 9. h3 e5 10. Be3 exd4 11. cxd4 Re8 12. Nc3 a6 13. 0-0-0 b5 14. a3 Nb6 15. b3 Bb7 16. e5 Nfd5 17. exd6 Qxd6 18. Ne5 Qxa3+ 19. Qb2 Qxb2+ 20. Kxb2 Nxc3 21. Kxc3 Nd5+ 22. Kb2 Nxe3 23. fxe3 Bxe5 24. dxe5 Rxe5 25. e4 Rae8 26. Rhf1 Kg7 27. Rc1 R8e7 28. Rf4 Bxe4 29. Bxe4 Rxe4 30. Rxe4 Rxe4 31. Rxc7 a5 32. Rb7 a4 33. Rxb5 Re2+ 34. Ka3 axb3 35. Rxb3 Rxg2 36. Kb4 Rc2 37. Rf3 g5 38. Kb3 Rh2 39. Kc4 h5 40. Rg3 Kg6 41. Kd4 Re2 42. Kd3 Ra2 43. Ke4 Ra5 44. Rc3 f5+ 45. Kf3 g4+ 46. Kg3 Ra4 47. h4 f4+ 48. Kg2 Ra2+ 49. Kg1 g3 50. Rc6+ Kf5 51. Rc5+ Kg4 52. Rg5+ Kxh4 0-1